000 01212nam a2200265 i 4500
001 186335
003 SpMaBN
005 20250628040802.0
008 161025m19711974sp |||| |dspa d
020 _a84-7082-134-2
080 _a930.85(38)
100 1 _aBurckhardt, Jacob,
_d1818-1897
_932584
245 1 0 _aHistoria de la cultura griega /
_cJacob Burkhardt ; [traductores, del alemán, Eugenio Imaz, Antonio Tovar, Germán J. Fons].
260 _aBarcelona :
_bIberia,
_c[1971-1974]
300 _a5 v. ;
_c18 cm.
490 1 _aObras maestras
505 8 _aContiene: 1. Los griegos y su mito ; Estado y nación - 2. Religión y culto ; La indagación del porvenir ; Para el balance general de la vida griega - 3. El arte ; Poesía y música ; Sobre la filosofía, la ciencia y la oratoria - 4-5. El hombre griego
594 _av. 1-2 trad. por Eugenio Imaz ; v. 3 trad. por Antonio Tovar ; v. 4-5 trad. por Germán J. Fons.
650 7 _aCivilización griega.
_9137206
700 1 _aImaz, Eugenio.
_965203
700 1 _aTovar, Antonio,
_d1911-1985
_9111167
830 1 _aObras maestras
_9181001
852 _aES-MaACL
_jL-30695-99
_z- Donat. Miguel A. Velasco
999 _c186335
_d186335